| 000 | 00579nam a22001697a 4500 | ||
|---|---|---|---|
| 003 | OSt | ||
| 005 | 20251210064253.0 | ||
| 008 | 251210b |||||||| |||| 00| 0 eng d | ||
| 020 | _a9711110261 | ||
| 040 |
_aDWCL -Main _cOC |
||
| 082 | _aProf. 358.3 F345 1999 | ||
| 100 |
_aFeraren, Mitchell M. _eAuthor |
||
| 245 |
_aHuman resources management for department heads in the academe : _bmodular approach : technology integration pedagogy / _cMitchell M. Feraren |
||
| 260 |
_aQuezon City, Philippines: _bJMC Press, _cc1999. |
||
| 300 |
_axii, 132 p.: _c22 cm. |
||
| 942 |
_2ddc _cPROF. _n0 |
||
| 999 |
_c7025 _d7025 |
||